Kpop Songs by Ye Olde English Translation - Statistics

General Stats
  • This quiz has been taken 72 times
  • The average score is 4 of 16
Answer Stats
Hint Answer % Correct
What be love? What is Love? (Twice)
94%
Physician! Physician! Doctor! Doctor! (Zerobaseone)
68%
Pursueth that sensation Chasing that feeling (TXT)
36%
Eros Cupid (FIFTY FIFTY)
24%
Fortunate maiden malady Lucky Girl Syndrome (illit)
22%
Slayeth it with great might Killin' it (P1Harmony)
14%
Fairly Fierce Pretty Savage (Blackpink)
14%
Bid mine name to be sung Call my Name (Got7)
12%
Like unto a blossom Like a Flower (Irene)
12%
Sweet discourse of affection Love Talk (WayV)
12%
ércio thither Come Over (le sserafim)
8%
Bewildered inebriate Drunk-Dazed (Enhypen)
8%
Adobe of gamesters House of Cards (BTS)
8%
An I do proclaim, mine affection for thee If I say, I love you (Boynextdoor)
8%
unsoiled and beyond the grasp of mortal hand Untouchable (Itzy)
6%
Most wondrous fair Very Nice (Seventeen)
6%
No matching quizzes found
Score Distribution
Percent of People with Each Score
Percentile by Number Answered
Your Score History
You have not taken this quiz